000 00550nam a2200205 a 4500
001 5065
003 CO-ViMGA
008 141112s2004 ck r 000 u spa d
040 _aCO-ViMGA
_bspa
_cCO-ViMGA
082 0 4 _a500.1 B474a
100 1 _aBishop, Owen
_93307
245 1 0 _aAventuras con plantas pequeñas
250 _a2a
260 _aBarcelona :
_bLabor,
_c11988
300 _a123 p : il
490 _aBolsillo juvenil, 58
650 1 4 _aCIENCIAS NATURALES - EXPERIMENTOS
_94189
650 1 4 _aPLANTAS - EXPERIMENTOS
_93308
942 _2ddc
_cBK
999 _c17066
_d17066